[Event "ROM-ch (Women)"]
[Site "Sebes"]
[Date "2023.02.22"]
[Round "5"]
[White "Cosma, Elena Luminita"]
[Black "Pitigoi, Sabina Andreea"]
[Result "1-0"]
[WhiteElo "2244"]
[BlackElo "1832"]
[PlyCount "67"]
[EventDate "2023.02.19"]
[EventType "swiss"]
[EventRounds "9"]
[EventCountry "ROU"]
[SourceTitle "CBM 212 Extra"]
[Source "ChessBase"]
[SourceDate "2023.03.31"]
[SourceVersion "1"]
[SourceVersionDate "2023.03.31"]
[SourceQuality "1"]

1. Nf3 d5 2. d4 Nf6 3. e3 Bg4 4. c4 dxc4 5. Bxc4 e6 6. h3 Bf5 7. Nc3 a6 8. 0-0 b5 9. Be2 c5 10. Ne5 cxd4 11. Bf3 Nbd7 12. Bxa8 Qxa8 13. exd4 b4 14. Nxd7 Nxd7 15. Ne2 h5 16. d5 exd5 17. Nd4 Be6 18. Re1 Nc5 19. a3 b3 20. Nxe6 fxe6 21. Be3 Ne4 22. Qxb3 Bd6 23. f3 Nf6 24. Qb6 Kd7 25. Rac1 Rb8 26. Qd4 Rb5 27. b4 Rb7 28. Qd3 Rb5 29. Bd4 Bg3 30. Re2 Qh8 31. Qg6 Bf4 32. Qf7+ Kd8 33. Rc6 Qe8 34. Bxf6+ 1-0

[Event "ROM-ch (Women)"]
[Site "Sebes"]
[Date "2023.02.21"]
[Round "3"]
[White "Nikanova, Ekaterina"]
[Black "Pitigoi, Sabina Andreea"]
[Result "1-0"]
[WhiteElo "2030"]
[BlackElo "1832"]
[PlyCount "81"]
[EventDate "2023.02.19"]
[EventType "swiss"]
[EventRounds "9"]
[EventCountry "ROU"]
[SourceTitle "CBM 212 Extra"]
[Source "ChessBase"]
[SourceDate "2023.03.31"]
[SourceVersion "1"]
[SourceVersionDate "2023.03.31"]
[SourceQuality "1"]

1. e4 e6 2. d4 d5 3. Nc3 Bb4 4. e5 c5 5. a3 Bxc3+ 6. bxc3 Qa5 7. Bd2 Qa4 8. Qg4 Kf8 9. Qd1 Ne7 10. Rb1 a6 11. Nf3 Nbc6 12. Bd3 c4 13. Be2 Ng6 14. h4 Ke8 15. h5 Nf8 16. h6 Rg8 17. Qc1 Qa5 18. hxg7 Rxg7 19. Kf1 Qd8 20. Bg5 Ne7 21. Nh2 Rxg5 22. Qxg5 Qa5 23. Qd2 Qxa3 24. Ng4 Kd8 25. Nf6 Kc7 26. Ne8+ Kc6 27. Nd6 Nf5 28. Ne8 Bd7 29. Nf6 b5 30. g4 Ne7 31. Kg2 Neg6 32. Ra1 Qe7 33. Kg3 Bc8 34. f4 a5 35. Bf3 Nd7 36. Nxd5 exd5 37. Bxd5+ Kb6 38. Bxa8 f6 39. Qg2 Nb8 40. Qd5 fxe5 41. dxe5 1-0

[Event "Arad op-B 14th"]
[Site "Arad"]
[Date "2021.07.31"]
[Round "2"]
[White "Veneteanu, Mihai"]
[Black "Pitigoi, Sabina Andreea"]
[Result "1-0"]
[WhiteElo "1893"]
[BlackElo "1699"]
[PlyCount "119"]
[EventDate "2021.07.30"]
[EventType "swiss"]
[EventRounds "9"]
[EventCountry "ROU"]
[SourceTitle "EXT 2022"]
[Source "ChessBase"]
[SourceDate "2021.10.06"]
[SourceVersion "1"]
[SourceVersionDate "2021.10.06"]
[SourceQuality "1"]

1. e4 e6 2. d4 d5 3. Nc3 Bb4 4. e5 c5 5. a3 Bxc3+ 6. bxc3 Ne7 7. h4 b6 8. h5 h6 9. Qg4 Nf5 10. Bd3 0-0 11. Nf3 c4 12. Be2 Nc6 13. Qh3 Kh7 14. g4 Nfe7 15. Be3 b5 16. Kd2 a5 17. Nh4 Bd7 18. f4 b4 19. axb4 axb4 20. cxb4 Nxb4 21. Rhb1 Na2 22. Ke1 Nc3 23. Rc1 Nxe2 24. Kxe2 Rxa1 25. Rxa1 Qb6 26. Qf1 c3 27. Qb1 Qc7 28. Qb4 Rb8 29. Qc5 Bb5+ 30. Kf2 Qxc5 31. dxc5 Nc6 32. Nf3 Bc4 33. Ra3 Rb2 34. Rxc3 Nb4 35. Ne1 Nc6 36. Kf3 Ra2 37. Kf2 Ra4 38. Nf3 Ba2 39. Rd3 Rc4 40. c3 Bb1 41. Rd1 Bc2 42. Rc1 Rxc3 43. Ne1 Nb4 44. Bd2 Rxc5 45. Bxb4 Rc4 46. Nxc2 Rxf4+ 47. Kg3 Rc4 48. Bd2 Re4 49. Bf4 g5 50. hxg6+ fxg6 51. Rh1 d4 52. Rxh6+ Kg7 53. Rh2 d3 54. Ne3 g5 55. Bxg5 Rxe5 56. Kf4 Rb5 57. Be7 Ra5 58. g5 Ra7 59. Bf6+ Kg8 60. Rh8+ 1-0

[Event "Braila Albulet Memorial (Women) 12th"]
[Site "Braila"]
[Date "2019.10.09"]
[Round "9"]
[White "Pitigoi, Sabina Andreea"]
[Black "Didiliuc, Dariana Gabriela"]
[Result "0-1"]
[WhiteElo "1490"]
[BlackElo "1798"]
[PlyCount "120"]
[EventDate "2019.10.02"]
[EventType "swiss"]
[EventRounds "9"]
[EventCountry "ROU"]
[SourceTitle "EXT 2020"]
[Source "ChessBase"]
[SourceDate "2019.10.17"]
[SourceVersion "1"]
[SourceVersionDate "2019.10.17"]
[SourceQuality "1"]

1. d4 d5 2. c4 e6 3. Nc3 c6 4. cxd5 exd5 5. Nf3 Nf6 6. Bf4 Bd6 7. Bxd6 Qxd6 8. e3 Bf5 9. Bd3 Bxd3 10. Qxd3 Nbd7 11. 0-0 0-0 12. Rfe1 Rfe8 13. e4 dxe4 14. Nxe4 Nxe4 15. Rxe4 Rxe4 16. Qxe4 Nf6 17. Qe5 Qb4 18. Rb1 Re8 19. Qc5 Qa4 20. a3 Re2 21. b3 Qa6 22. Qc4 Qxc4 23. bxc4 Re7 24. Re1 Rxe1+ 25. Nxe1 Ne4 26. Nd3 Nd6 27. Nb2 b5 28. d5 bxc4 29. dxc6 c3 30. Nd3 c2 31. c7 Kf8 32. Kf1 Ke7 33. Ke2 Kd7 34. Kd2 Nc4+ 35. Kxc2 Nxa3+ 36. Kb3 Nb5 37. Ne5+ Kxc7 38. Nxf7 h6 39. Ne5 Kd6 40. Nc4+ Kd5 41. Ne3+ Ke4 42. Kb4 Nd4 43. Kc4 h5 44. Nf1 Nf5 45. Nd2+ Kf4 46. h3 Ke5 47. Nf3+ Ke4 48. Nd2+ Kf4 49. Kb5 Nd6+ 50. Ka6 Ne4 51. Nf1 Nxf2 52. Kxa7 Nd1 53. g4 h4 54. Kb6 Nf2 55. Kc5 Nxh3 56. Kd4 g5 57. Ne3 Nf2 58. Ng2+ Kxg4 59. Ke3 Kg3 60. Ne1 h3 0-1

[Event "ROM-ch U14 Girls"]
[Site "Calimanesti Caciulata"]
[Date "2019.04.19"]
[Round "6"]
[White "Albu, Camelia"]
[Black "Pitigoi, Sabina Andreea"]
[Result "1-0"]
[WhiteElo "1414"]
[BlackElo "1360"]
[PlyCount "127"]
[EventDate "2019.04.15"]
[EventType "swiss"]
[EventRounds "9"]
[EventCountry "ROU"]
[SourceTitle "CBM 190 Extra"]
[Source "ChessBase"]
[SourceDate "2019.07.15"]
[SourceVersion "1"]
[SourceVersionDate "2019.07.15"]
[SourceQuality "1"]

1. d4 Nf6 2. Nc3 e6 3. e4 Bb4 4. Bd3 d6 5. Nf3 Nbd7 6. e5 dxe5 7. dxe5 Nd5 8. Bd2 Nxc3 9. bxc3 Be7 10. Be3 c5 11. c4 Qc7 12. Bf4 0-0 13. 0-0 h6 14. Qe2 Re8 15. Qe4 Nf8 16. Nd2 g5 17. Bg3 f5 18. exf6 Bd6 19. Qf3 Bxg3 20. hxg3 Qf7 21. Ne4 Rd8 22. Nxc5 Rb8 23. Be4 b6 24. Nd3 Nd7 25. Rad1 Qxf6 26. Qh5 Ba6 27. Nb4 Nc5 28. Bd3 Bb7 29. Qg6+ Qxg6 30. Bxg6 Kg7 31. Bh5 a5 32. Nd3 Ne4 33. Rfe1 Kf6 34. Bf3 Nc3 35. Ra1 Bxf3 36. gxf3 Rbc8 37. Ne5 h5 38. Re3 Rd1+ 39. Rxd1 Nxd1 40. Re1 Nb2 41. Nd7+ Ke7 42. Nxb6 Rc6 43. Nd5+ Kf7 44. Ne3 Nxc4 45. Nxc4 Rxc4 46. Re5 Kf6 47. Rxa5 Rxc2 48. Ra8 e5 49. a4 g4 50. fxg4 hxg4 51. a5 Rc1+ 52. Kg2 Ra1 53. a6 Kf5 54. a7 Ke4 55. Kh2 Ra3 56. Kg1 Ra1+ 57. Kg2 Ra2 58. Kf1 Ra1+ 59. Ke2 Ra2+ 60. Kd1 Ra1+ 61. Kc2 Ra2+ 62. Kb3 Rxf2 63. Rc8 Rf3+ 64. Kb4 1-0

[Event "ROM-ch U14 Girls"]
[Site "Calimanesti Caciulata"]
[Date "2019.04.15"]
[Round "1"]
[White "Pitigoi, Sabina Andreea"]
[Black "Obada, Ema"]
[Result "0-1"]
[WhiteElo "1360"]
[BlackElo "1865"]
[PlyCount "76"]
[EventDate "2019.04.15"]
[EventType "swiss"]
[EventRounds "9"]
[EventCountry "ROU"]
[SourceTitle "CBM 190 Extra"]
[Source "ChessBase"]
[SourceDate "2019.07.15"]
[SourceVersion "1"]
[SourceVersionDate "2019.07.15"]
[SourceQuality "1"]

1. d4 Nf6 2. Nf3 e6 3. c4 d5 4. e3 c6 5. Nc3 Nbd7 6. Bd2 b6 7. Qc2 Bb7 8. Bd3 Be7 9. 0-0 0-0 10. Rfe1 dxc4 11. Bxc4 c5 12. Be2 Rc8 13. dxc5 Nxc5 14. Rad1 Nce4 15. Qb1 Nxd2 16. Rxd2 Qc7 17. Red1 a6 18. a3 b5 19. Ng5 Qe5 20. h4 h6 21. Rd7 hxg5 22. Rxb7 Bd6 23. Kf1 gxh4 24. Rb6 Bxa3 25. bxa3 Rxc3 26. Rxa6 Qh2 27. Bf3 Rfc8 28. Ke2 Rc2+ 29. Rd2 Rxd2+ 30. Kxd2 h3 31. Qf1 Qe5 32. Qb1 Qc3+ 33. Kd1 Rd8+ 34. Ke2 Qd2+ 35. Kf1 h2 36. g3 Ng4 37. Qe1 h1R+ 38. Bxh1 Nh2+ 0-1

[Event "ROM-ch U14 Girls"]
[Site "Calimanesti"]
[Date "2018.03.31"]
[Round "6"]
[White "Pitigoi, Sabina Andreea"]
[Black "Albu, Camelia"]
[Result "1-0"]
[WhiteElo "1341"]
[BlackElo "1363"]
[PlyCount "119"]
[EventDate "2018.03.27"]
[EventType "swiss"]
[EventRounds "9"]
[EventCountry "ROU"]
[SourceTitle "EXT 2019"]
[Source "ChessBase"]
[SourceDate "2018.10.10"]
[SourceVersion "1"]
[SourceVersionDate "2018.10.10"]
[SourceQuality "1"]

1. d4 Nf6 2. Nf3 e6 3. c4 d5 4. Nc3 Nbd7 5. a3 Be7 6. Bg5 0-0 7. e3 b6 8. Qc2 Bb7 9. Bd3 dxc4 10. Bxc4 h6 11. Bf4 Rc8 12. e4 c5 13. Rd1 cxd4 14. Rxd4 Bc5 15. Rd1 Bxf2+ 16. Qxf2 Rxc4 17. Qe2 Rc8 18. Bd6 Re8 19. 0-0 Ra8 20. e5 Nd5 21. Nb5 Ba6 22. Nfd4 Qg5 23. Qf3 Qe3+ 24. Rf2 Qxf3 25. Rxf3 Nc5 26. b4 Ne4 27. Rc1 Bxb5 28. Nxb5 a6 29. Nc7 Nxc7 30. Rxc7 Rad8 31. Rfxf7 Nxd6 32. exd6 Rxd6 33. Rxg7+ Kh8 34. Rh7+ Kg8 35. Rxh6 Rf8 36. h3 Rfd8 37. Rf6 a5 38. bxa5 bxa5 39. Rc5 Kg7 40. Rf4 Ra6 41. Ra4 Rda8 42. Kf2 Kf7 43. Ke3 Ke7 44. Ke4 Kd6 45. Re5 Ke7 46. g4 Kf7 47. h4 Kg6 48. Kf3 Kf6 49. Rb5 Kg6 50. h5+ Kh6 51. Kg3 R8a7 52. Kh4 Ra8 53. g5+ Kg7 54. Rb7+ Kg8 55. g6 Kh8 56. h6 R6a7 57. Rb5 Kg8 58. Rg5 Kh8 59. Kh5 Kg8 60. Rag4 1-0

[Event "ROM-ch U14 Girls"]
[Site "Calimanesti"]
[Date "2018.03.27"]
[Round "1"]
[White "Pitigoi, Sabina Andreea"]
[Black "Obada, Ema"]
[Result "0-1"]
[WhiteElo "1341"]
[BlackElo "1710"]
[PlyCount "88"]
[EventDate "2018.03.27"]
[EventType "swiss"]
[EventRounds "9"]
[EventCountry "ROU"]
[SourceTitle "EXT 2019"]
[Source "ChessBase"]
[SourceDate "2018.10.10"]
[SourceVersion "1"]
[SourceVersionDate "2018.10.10"]
[SourceQuality "1"]

1. d4 Nf6 2. c4 e6 3. Nf3 Bb4+ 4. Bd2 Qe7 5. g3 Bxd2+ 6. Qxd2 0-0 7. Bg2 Ne4 8. Qc2 f5 9. 0-0 d6 10. Nfd2 Nxd2 11. Qxd2 e5 12. dxe5 dxe5 13. e4 f4 14. Nc3 c6 15. Rfd1 Be6 16. b3 Nd7 17. Qd6 Qe8 18. Rd3 Rf6 19. Rad1 Bg4 20. Qc7 Bxd1 21. Rxd7 Rf7 22. Rxf7 Qxf7 23. Qxf7+ Kxf7 24. Nxd1 Rd8 25. Nc3 Rd3 26. Na4 Rd1+ 27. Bf1 f3 28. Nc5 b6 29. Nd3 Ke6 30. Nb4 Kd6 31. Nc2 g6 32. h3 Rc1 33. Ne3 Ra1 34. Ng4 Rxa2 35. Nh2 Rb2 36. Nxf3 Rxb3 37. Ng5 a5 38. Nf7+ Ke6 39. c5 b5 40. Nd8+ Kd7 41. Nb7 a4 42. Na5 Rb1 43. Kh2 a3 44. Bd3 Rb2 0-1

[Event "ROM-ch U12 Girls"]
[Site "Calimanesti Caciulata"]
[Date "2016.04.20"]
[Round "3"]
[White "Pop, Ioana Cecilia"]
[Black "Pitigoi, Sabina Andreea"]
[Result "0-1"]
[WhiteElo "1331"]
[BlackElo "1139"]
[PlyCount "122"]
[EventDate "2016.04.18"]
[EventType "swiss"]
[EventRounds "9"]
[EventCountry "ROU"]
[SourceTitle "CBM 172 Extra"]
[Source "ChessBase"]
[SourceDate "2016.06.21"]
[SourceVersion "1"]
[SourceVersionDate "2016.06.21"]
[SourceQuality "1"]

1. d4 d5 2. e3 c5 3. Nf3 Nf6 4. c4 cxd4 5. Nxd4 dxc4 6. Bxc4 e6 7. 0-0 Nbd7 8. b3 a6 9. Bb2 b5 10. Be2 Bb7 11. Bf3 Qc7 12. Bxb7 Qxb7 13. Nf3 Rd8 14. Qe2 Bd6 15. Rd1 Qc7 16. Nc3 0-0 17. Rac1 Qb8 18. h3 Nb6 19. Qc2 Rc8 20. Qb1 Rfd8 21. Ne4 Nxe4 22. Qxe4 Rxc1 23. Rxc1 Nd5 24. Be5 Bxe5 25. Qxe5 Qxe5 26. Nxe5 f6 27. Nf3 Kf7 28. Rc6 Ra8 29. Kf1 Ke7 30. Ke2 Kd7 31. Rc1 Kd6 32. Rd1 Kc5 33. Rc1+ Kb4 34. Kd2 Rd8 35. Nd4 Ne7 36. Ke2 e5 37. Nc6+ Nxc6 38. Rxc6 Ra8 39. Rc7 Ka3 40. Rc2 e4 41. Kd1 Rd8+ 42. Ke2 f5 43. g4 fxg4 44. hxg4 g6 45. f3 h5 46. gxh5 gxh5 47. f4 h4 48. Kf2 Rg8 49. Kf1 Rg3 50. Rf2 Rxe3 51. f5 Rg3 52. f6 Rg8 53. f7 Rf8 54. Ke2 Kxa2 55. Ke3+ Kxb3 56. Kxe4 a5 57. Ke5 a4 58. Ke6 a3 59. Ke7 Rxf7+ 60. Rxf7 a2 61. Ke6 a1Q 0-1

[Event "ROM-ch U12 Girls"]
[Site "Calimanesti Caciulata"]
[Date "2016.04.18"]
[Round "1"]
[White "Hejja, Irisz Hanna"]
[Black "Pitigoi, Sabina Andreea"]
[Result "1-0"]
[WhiteElo "1444"]
[BlackElo "1139"]
[PlyCount "161"]
[EventDate "2016.04.18"]
[EventType "swiss"]
[EventRounds "9"]
[EventCountry "ROU"]
[SourceTitle "CBM 172 Extra"]
[Source "ChessBase"]
[SourceDate "2016.06.21"]
[SourceVersion "1"]
[SourceVersionDate "2016.06.21"]
[SourceQuality "1"]

1. d4 d5 2. Nc3 c5 3. e3 Nc6 4. Nf3 c4 5. g3 Bf5 6. a3 Qa5 7. Bd2 Qc7 8. Bg2 Nf6 9. Nh4 Qd7 10. Nb5 a6 11. Nxf5 axb5 12. Bh3 e6 13. Nh4 g5 14. Nf3 g4 15. Ne5 Nxe5 16. dxe5 gxh3 17. exf6 e5 18. Bb4 Qc6 19. Bxf8 Rxf8 20. Qh5 Qxf6 21. Qxh3 Qg6 22. 0-0-0 Rd8 23. Qg2 e4 24. Rd4 Qf5 25. Rhd1 Rg8 26. Qf1 Rg6 27. Qe2 Rgd6 28. Rf1 Rh6 29. h4 Qc8 30. f3 Rhd6 31. fxe4 dxe4 32. Rfd1 Rxd4 33. Rxd4 Qc7 34. Qg4 Kf8 35. Qg5 f6 36. Qg4 Qe7 37. Rxd8+ Qxd8 38. Qh5 Qe8 39. Qf5 Qg6 40. Qxg6 hxg6 41. Kd2 Kg7 42. Kc3 Kh6 43. g4 f5 44. gxf5 gxf5 45. Kd4 Kh5 46. Ke5 Kg4 47. h5 f4 48. h6 f3 49. h7 f2 50. h8Q f1Q 51. Qg7+ Kh3 52. Qf6 Kg2 53. Qxf1+ Kxf1 54. Kxe4 Ke2 55. Kd4 Kd2 56. c3 Kc2 57. e4 Kxb2 58. e5 Kxa3 59. e6 b4 60. e7 b3 61. e8Q b2 62. Qa8+ Kb3 63. Qxb7+ Kc2 64. Qxb2+ Kxb2 65. Kxc4 Ka3 66. Kb5 Kb3 67. c4 Kc3 68. c5 Kd4 69. c6 Kd5 70. c7 Kd6 71. c8Q Kd5 72. Qd7+ Ke4 73. Kc5 Ke3 74. Kc4 Kf4 75. Qe6 Kg5 76. Qf7 Kh6 77. Qg8 Kh5 78. Kd3 Kh4 79. Ke3 Kh3 80. Kf3 Kh4 81. Qg4# 1-0